000 00352nam a2200133Ia 4500
005 20260328101441.0
008 260328s9999||||xx |||||||||||||| ||und||
100 _aClark, Roger H.
245 0 _aArquitectura :
_b Temas de composición /
_cRoger H. Clark
260 _bGustavo Gili
300 _a240 p.
650 _aARQUITECTURA - ELEMENTOS
942 _cBK
999 _c8274
_d8274